00765cam a22002174a 450000100060000000300090000600500170001500800410003202000150007302000190008804000380010708200190014510000190016424500730018326000350025630000410029150400510033260000840038365000620046770000180052910905BD-DhUAP20210130132131.0110419s2003 nyua 001 0beng c a3822871885 a97838222871881 aBD-DhUAPcBD-DhUAPdBD-DhUAPbEng a720.92 STE223 aSteele, James. aRudolf Michael Schindler /cJames Steele and edited by Peter Gossel. aNew York : bTaschen, cc1999. a180 pages :billustrations ;c30 cm. aIncludes bibliographical references and index. aSchindler, R. M. -- (Rudolph M.), -- 1887-1953 -- Criticism and interpretation. aArchitecture -- United States -- History -- 20th century. aGossel, Peter